000 00650nam a22002297a 4500
003 UA-OsUOA
001 38475
007 ta
008 20071221b un ||||| |||| 00| 0 ukr d
100 _aТрубайчук А.
090 _a94(477).09
_bТ77
942 _cBK
040 _aUA-OsUOA
_bukr
_cUA-OsUOA
_dUA-OsUOA
245 _aБрудершафт двох диктаторів
_bХХ сторіччя: політика в портретах
300 _a333 с.
955 _a1
041 _aukr
080 _a94(477).09
260 _aКиїв
_c1993
650 7 _a9 Географія. Біографії. Історія
_2UDC
999 _c436983
_d436983